| 000 | 00550nam a2200157 a 4500 | ||
|---|---|---|---|
| 001 | 000044573 | ||
| 005 | 20240229073831.0 | ||
| 008 | 140717s1987 dr a 000 0 spa d | ||
| 040 |
_aDO-SdBNP _bspa _cBNPHU |
||
| 082 |
_axxxx _bxxxx |
||
| 245 | 0 | 0 |
_aEspigas y amapolas en la cosecha : _bevaluación programa de capacitación / _cedición Ángela Hernández. |
| 260 |
_aSanto Domingo : _bMUDE, _c1987. |
||
| 300 |
_a110 p. : _bil. ; _c21 cm. |
||
| 710 | 2 |
_aMujeres en Desarrollo Dominicana, (MUDE) _972598 |
|
| 700 | 1 |
_aHernández, Ángela, _d1954- _eed. _92564 |
|
| 999 |
_c44062 _d44062 |
||